000 03739ncm0a2200613 4500
001 RU\NLR\ONIZ\306355
005 20260204000000.0
035 _a(NLR Aleph) 022545709
090 _a13411893
_c13411893
100 _a20250314d1984 u y0rusy50 ca
101 0 _arus
_aukr
102 _aUA
125 _azx
135 _acrcn 024anaba
145 0 _ab
200 1 _aПроизведения для фортепиано
_bНоты
_fА. Караманов
203 _aМузыка
_bзнаковая
_bвизуальная
_cнепосредственная
210 _aКиев
_cМузична Украïна
_d1984
215 _a[52] с.
_cил
_d29 см
300 _aТекст на укр. и рус. яз.
313 _aСистематизация документа проведена по изданию - Методика классифицирования музыкальных произведений (нотных изданий) по таблицам Библиотечно-библиографических классификаций : метод. рекомендации / Гос. б-ка СССР им. В.И. Ленина.- М., 1977. Индексу ББК методических рекомендаций присваивается код ББК для научных библиотек - LBC/SL
325 1 _aКопия доступна в электронной библиотеке РНБ
327 1 _a1. Музыка № 1для фортепиано ;
_a2. Музыка № 2 для фортепиано ;
_a3. Три прелюдии ;
_a4. Триптих : (Пролог ; Мысль ; Эпилог)
464 0 _12001#$aМузыка № 1для фортепиано
_1215##$aС.3-14
_tМузыка № 1для фортепиано
464 0 _12001#$aМузыка № 2 для фортепиано
_1215##$aС.15-39
_tМузыка № 2 для фортепиано
464 0 _12001#$aТри прелюдии
_1215##$aС.40-46
_tТри прелюдии
464 0 _12001#$aТриптих$e(Пролог ; Мысль ; Эпилог)
_1215##$aС.47-50
_tТриптих
606 1 _aКомпозиторы Крыма
_yРоссия
_z20-21 вв.
_jНоты
_2nlr_sh
606 1 _aКрымские композиторы
_jНоты
_2nlr_sh
606 1 _aКрым
_xМузыкальные интерпретации
_jНоты
_2nlr_sh
606 1 _aПроизведения для фортепиано
_yРоссия
_z20-21 вв.
_jНоты
_2nlr_sh
606 1 _aПроизведения для фортепиано крымских композиторов
_jНоты
_2nlr_sh
607 _aКрым (полуостров)
_xМузыкальные интерпретации
_jНоты
_2nlr_sh
686 0 _aЩ954.2-058(29=Крымтат)я44
686 0 _aЩ954.2-058(2Р)я44
700 1 _9z02790
_aКараманов
_bА. С.
_f1934–2007
_gАлемдар Сабитович
_4230
790 1 _9z02700
_aKaramanov
_bA. S.
_f1934–2007
_gAlemdar Sabitovič
_4230
_7ba
801 0 _aRU
_bNLR
_c20250314
_gPSBO
801 1 _aRU
_bNLR
_c20250314
_2rusmarc
801 2 _aRU
_bNLR
_c20250314
852 _aNLR
_gМ
_jК-3/15114а
_mМОЭ 84-29/805а
_t2
852 _aNLR
_gМ
_jК-3/15114
_mМОЭ 84-29/805
_t1
856 0 _uhttps://vivaldi.nlr.ru/bn000011799/view
856 1 _uhttps://vivaldi.nlr.ru/bn000011799/cover
856 2 _uhttps://vivaldi.nlr.ru/bn000011799/text
942 _cSCORE
980 _aONIZ
980 _aCrimea
980 _aNB
981 4 8 _a(48) Крым: история в документах
981 2 4 _a(24) Нотные издания и аудиозаписи